000 00512nam a2200157Ia 4500
008 170221s9999 xx 000 0 und d
100 _aLi, Xiangmin.
245 2 _aA Ku-Band Low-Phase-Noise Wide-Tuning-Range VCO in SiGe BiCMOS Technology
245 _cXiangmin Li, Zhuang Kang, and Liang Jia.
260 _bJournal of Communications
260 _c2016
300 _a11 : 12
650 _xCommunication
650 _xMedia Arts
856 _uhttp://www.jocm.us/index.php?m=content&c=index&a=lists&catid=169
999 _c306731
_d306731